[Event "Heusenstamm Sparkassen op 11th"]
[Site "Heusenstamm"]
[Date "2024.11.23"]
[Round "4"]
[White "Stuemer, Paul"]
[Black "Steigleder, Maximilian"]
[Result "0-1"]
[WhiteElo "2078"]
[BlackElo "1873"]
[PlyCount "82"]
[EventDate "2024.11.21"]
[EventType "swiss"]
[EventRounds "7"]
[EventCountry "GER"]
[SourceTitle "CB51_2024"]
[SourceDate "2024.12.18"]
[SourceVersion "1"]
[SourceVersionDate "2024.12.18"]
[SourceQuality "1"]

1. Nf3 c5 2. e3 d5 3. d4 cxd4 4. exd4 Nf6 5. Be2 Nc6 6. h3 h6 7. 0-0 Bf5 8. Nc3 e6 9. Bf4 Bd6 10. Bxd6 Qxd6 11. Nb5 Qe7 12. a4 0-0 13. c3 Rfc8 14. Re1 Na5 15. Ne5 Ne8 16. Bh5 f6 17. Ng6 Qf7 18. Nf4 g6 19. Bf3 g5 20. Bh5 Qd7 21. Nd3 b6 22. Bg4 Ng7 23. Bxf5 Nxf5 24. Re2 h5 25. Nb4 Kf7 26. Qd3 Rg8 27. Rae1 Rae8 28. g3 Rg7 29. Na6 Nc6 30. Nac7 e5 31. Nxe8 e4 32. Qd1 Kxe8 33. c4 Nh4 34. Rxe4+ dxe4 35. Qxh5+ Ng6 36. Rxe4+ Kf7 37. Qe2 a6 38. d5 Nce5 39. Nd4 Qxh3 40. Qf1 Qh5 41. Qe2 g4 0-1